Психиатрия и наркология (Запись № 13544437)
[ простой вид ]
| 000 -МАРКЕР | |
|---|---|
| контрольное поле | 02332nam0a2200409 4500 |
| 001 - ИДЕНТИФИКАТОР ЗАПИСИ | |
| контрольное поле | RU\NLR\BIBL_A\022705776 |
| 005 - ИДЕНТИФИКАТОР ВЕРСИИ | |
| контрольное поле | 20260406083740.0 |
| 010 ## - МЕЖДУНАРОДНЫЙ СТАНДАРТНЫЙ НОМЕР КНИГИ (ISBN) | |
| Номер (ISBN) | 978-5-9704-9470-7 |
| Тираж | 1000 |
| 035 ## - ДРУГИЕ СИСТЕМНЫЕ НОМЕРА | |
| Идентификатор записи | (NLR Aleph) 022705776 |
| 100 ## - ДАННЫЕ ОБЩЕЙ ОБРАБОТКИ | |
| Данные общей обработки | 20260121d2026 u y0rusy50 ca |
| 101 0# - ЯЗЫК РЕСУРСА | |
| Язык текста, звукозаписи и т.д. | русский |
| 102 ## - СТРАНА ПУБЛИКАЦИИ ИЛИ ПРОИЗВОДСТВА | |
| Страна публикации | российская федерация |
| 105 ## - ПОЛЕ КОДИРОВАННЫХ ДАННЫХ: ТЕКСТОВЫЕ МАТЕРИАЛЫ, МОНОГРАФИЧЕСКИЕ | |
| Кодированные данные о монографическом текстовом документе | a j 001yy |
| 181 #0 - ПОЛЕ КОДИРОВАННЫХ ДАННЫХ: ВИД СОДЕРЖАНИЯ | |
| Код вида содержания (ISBD) | i |
| Код характеристики содержания (ISBD) | axxe |
| 182 #0 - ПОЛЕ КОДИРОВАННЫХ ДАННЫХ: ТИП СРЕДСТВА | |
| Код типа средства (ISBD) | n - непосредственное |
| 200 1# - ЗАГЛАВИЕ И СВЕДЕНИЯ ОБ ОТВЕТСТВЕННОСТИ | |
| Основное заглавие | Психиатрия и наркология |
| Сведения, относящиеся к заглавию | учебник |
| -- | для использования в образовательных учреждениях, реализующих основные профессиональные программы высшего образования по программам специалитета 31.05.03 "Стоматология" |
| Первые сведения об ответственности | Б. Д. Цыганков, С. А. Овсянников, И. А. Пастух, А. И. Тюнева |
| 203 ## - ВИД СОДЕРЖАНИЯ И ТИП СРЕДСТВА | |
| Вид содержания | Текст |
| Дополнительные сведения об издании | визуальный |
| Тип средства | непосредственный |
| 210 ## - ПУБЛИКАЦИЯ, РАСПРОСТРАНЕНИЕ И ДР. | |
| Место издания, распространения и т.д. | Москва |
| Имя издателя, распространителя и т. д. | ГЭОТАР-Медиа |
| Дата издания, распространения и т.д. | 2026 (печ. 2025) |
| 215 ## - ФИЗИЧЕСКАЯ ХАРАКТЕРИСТИКА | |
| Специфическое обозначение материала и объем | 425 с. |
| Другие сведения о физической характеристике | табл. |
| Размеры | 22 |
| 225 1# - СЕРИЯ | |
| Основное заглавие серии | Учебник |
| 300 ## - ОБЩИЕ ПРИМЕЧАНИЯ | |
| Текст примечания | На обороте тит. с. 4-й авт.: Тюнева А. И. – канд. мед. наук, доц. |
| 301 ## - ПРИМЕЧАНИЯ, ОТНОСЯЩИЕСЯ К ИДЕНТИФИКАЦИОННЫМ НОМЕРАМ | |
| Текст примечания | DOI: 10.33029/9704-9470-7-PSIN-2026-1-432 |
| 320 ## - ПРИМЕЧАНИЯ О НАЛИЧИИ В ДОКУМЕНТЕ БИБЛИОГРАФИИ / УКАЗАТЕЛЯ | |
| Текст примечания | Библиогр.: с. 410–415 (133 назв.) |
| 320 ## - ПРИМЕЧАНИЯ О НАЛИЧИИ В ДОКУМЕНТЕ БИБЛИОГРАФИИ / УКАЗАТЕЛЯ | |
| Текст примечания | Предм. указ.: с. 416–425 |
| 606 1# - НАИМЕНОВАНИЕ ТЕМЫ КАК ПРЕДМЕТ | |
| Наименование темы | Психиатрия |
| Формальный подзаголовок | Учебники для высших учебных заведений |
| Системный номер авторитетной/нормативной записи | 906850 |
| Идентификатор авторитетной/нормативной записи | RU\NLR\AUTH\6610771 |
| 606 1# - НАИМЕНОВАНИЕ ТЕМЫ КАК ПРЕДМЕТ | |
| Наименование темы | Наркология |
| Формальный подзаголовок | Учебники для высших учебных заведений |
| Системный номер авторитетной/нормативной записи | 1654533 |
| Идентификатор авторитетной/нормативной записи | RU\NLR\AUTH\66732530 |
| 686 1# - ИНДЕКСЫ ДРУГИХ КЛАССИФИКАЦИЙ | |
| Индекс | Р64я73-1 |
| 686 1# - ИНДЕКСЫ ДРУГИХ КЛАССИФИКАЦИЙ | |
| Индекс | Р645.1я73-1 |
| 701 #1 - ИМЯ ЛИЦА - АЛЬТЕРНАТИВНАЯ ОТВЕТСТВЕННОСТЬ | |
| Материалы, к которым относится поле | rus |
| Графика поля | Кириллица |
| Начальный элемент ввода | Цыганков |
| Часть имени, кроме начального элемента ввода | Б. Д. |
| Даты | 1950- |
| Расширение инициалов личного имени | Борис Дмитриевич |
| Идентификатор авторитетной/нормативной записи | RU\NLR\AUTH\7757403 |
| Системный номер авторитетной/нормативной записи | 40335 |
| 701 #1 - ИМЯ ЛИЦА - АЛЬТЕРНАТИВНАЯ ОТВЕТСТВЕННОСТЬ | |
| Графика поля | Кириллица |
| Материалы, к которым относится поле | rus |
| Начальный элемент ввода | Овсянников |
| Часть имени, кроме начального элемента ввода | С. А. |
| Дополнения к именам, кроме дат | д-р мед. наук |
| Даты | 1939- |
| Расширение инициалов личного имени | Сергей Алексеевич |
| Системный номер авторитетной/нормативной записи | 220953 |
| Идентификатор авторитетной/нормативной записи | RU\NLR\AUTH\770221009 |
| 701 #1 - ИМЯ ЛИЦА - АЛЬТЕРНАТИВНАЯ ОТВЕТСТВЕННОСТЬ | |
| Начальный элемент ввода | Пастух |
| Часть имени, кроме начального элемента ввода | И. А. |
| Дополнения к именам, кроме дат | д-р мед. наук |
| Расширение инициалов личного имени | Инна Альбертовна |
| Идентификатор авторитетной/нормативной записи | RU\NLR\AUTH\770278466 |
| Системный номер авторитетной/нормативной записи | 2650433 |
| 701 #1 - ИМЯ ЛИЦА - АЛЬТЕРНАТИВНАЯ ОТВЕТСТВЕННОСТЬ | |
| Начальный элемент ввода | Тюнева |
| Часть имени, кроме начального элемента ввода | А. И. |
| Расширение инициалов личного имени | Алла Ивановна |
| 942 ## - ДОПОЛНИТЕЛЬНЫЕ ЭЛЕМЕНТЫ ЗАПИСИ (АБИС) | |
| Тип экземпляра АБИС | Книга |
| 980 ## - КОЛЛЕКЦИЯ | |
| Название коллекции | Национальная библиография |
Нет доступных экземпляров.